000 00735nam a2200253Ia 4500
003 OSt
005 20220918165913.0
006 a|||||r|||| 00| 0
007 ta
008 220917b |||||||| |||| 00| 0 eng d
020 _a8178250874 (hbk)
_c850
024 _a260,917
037 _bBW/1002/2011-12, 01/02/2012, Bookwell
_cTextual
040 _aARTS
_cARTS
_beng
041 _2eng
_aeng
082 _aY5927.2, Q2
100 _aVivek Kumar
_926014
245 0 _aDalit leadership in India
260 _aDelhi
_bKalpaz Publication India
_c2012
300 _a290p.
_ccm.
650 _aSOCIOLOGY
942 _hY5927.2, Q2
_cTEXL
_2CC
999 _c131625
_d131625